000 00674nam a2200229 4500
003 OSt
005 20240625054656.0
006 a
008 240625b |||||||| |||| 00| 0 eng d
020 _a9780737750812
040 _aDWCL-Main lib.
_cOC
082 _aCirc. 363.728 G213 2011
245 _aGarbage and recycling /
260 _aDetriot :
_bGreenhaven Press,
_cc2011.
300 _b229 p. : maps ;
_c24 cm.
504 _aIncludes bibliographical references & index.
650 _a1. Refuse and refuse disposal.
650 _a2. Recycling ( waste etc.).
650 _a3. Environmental Policy.
700 _aCandice Mancini
942 _2ddc
_n0
_cBK-CIRC
_kCirc.
999 _c1308
_d1308